书目信息 |
| 题名: |
多媒体技术与应用教程
|
|
| 作者: | 叶乃文 | |
| 分册: | ||
| 出版信息: | 北京 人民邮电出版社 2004 |
|
| 页数: | 176页 | |
| 开本: | 26cm | |
| 丛书名: | ||
| 单 册: | ||
| 中图分类: | TP37 | |
| 科图分类: | ||
| 主题词: | 计算技术 , 电子计算机 | |
| 电子资源: | ||
| ISBN: | 7-115-11333-5 | |
| 000 | 00654nam0 2200241 450 | |
| 001 | 0633958580 | |
| 005 | 20060929092749.62 | |
| 010 | @a7-115-11333-5@dCNY16.00 | |
| 100 | @a20060929d2004 km y0chiy0120 ea | |
| 101 | 0 | @achi |
| 102 | @aCN@b110000 | |
| 102 | @aCN@b110000 | |
| 200 | 1 | @a多媒体技术与应用教程@Aduo mei ti ji shu yu ying yong jiao cheng@f叶乃文@Fye nai wen |
| 205 | @a修订版 | |
| 210 | @a北京@c人民邮电出版社@d2004 | |
| 210 | @a北京@c人民邮电出版社 | |
| 215 | @a176页@d26cm | |
| 606 | 0 | @a计算技术 |
| 606 | 0 | @a电子计算机 |
| 690 | @aTP37@v3 | |
| 701 | 0 | @a叶乃文@Aye nai wen |
| 801 | 0 | @aCN@bPFT@c20060929 |
| 905 | @a10447@dTP37@e10 | |
| 多媒体技术与应用教程/叶乃文.-修订版.-北京:人民邮电出版社,2004.-北京:人民邮电出版社 |
| 176页;26cm |
| ISBN 7-115-11333-5:CNY16.00 |
| ● |
| 相关链接 |
|
|
|
|
正题名:多媒体技术与应用教程
索取号:TP37/10
 
预约/预借
| 序号 | 登录号 | 条形码 | 馆藏地/架位号 | 状态 | 备注 |
| 1 | 0483956 | 204839568 | 密集书库/ [索取号:TP37/10] | 在馆 |